Speeches for an inquring mind (Record no. 7004)
[ view plain ]
| 000 -LEADER | |
|---|---|
| fixed length control field | 00396 a2200157 4500 |
| 020 ## - INTERNATIONAL STANDARD BOOK NUMBER | |
| International Standard Book Number | 9960397777 |
| 082 ## - DEWEY DECIMAL CLASSIFICATION NUMBER | |
| Classification number | 210 |
| 090 ## - LOCALLY ASSIGNED LC-TYPE CALL NUMBER (OCLC); LOCAL CALL NUMBER (RLIN) | |
| -- | 3088 |
| -- | 3088 |
| 100 ## - MAIN ENTRY--PERSONAL NAME | |
| Personal name | Imtiaz Ahmad |
| 245 ## - TITLE STATEMENT | |
| Title | Speeches for an inquring mind |
| Statement of responsibility, etc. | Imtiaz Ahmad |
| 260 ## - PUBLICATION, DISTRIBUTION, ETC. | |
| Place of publication, distribution, etc. | Islamabad: , |
| Name of publisher, distributor, etc. | Instant Print System |
| Date of publication, distribution, etc. | 2001 |
| 300 ## - PHYSICAL DESCRIPTION | |
| Extent | 180 p. |
| Dimensions | 21 cm. |
| 500 ## - GENERAL NOTE | |
| General note | Includes Index |
| 650 ## - SUBJECT ADDED ENTRY--TOPICAL TERM | |
| Topical term or geographic name entry element | Islamic Law. |
| 942 ## - ADDED ENTRY ELEMENTS (KOHA) | |
| Koha item type | Book |
| Call number prefix | 210 IMZ |
| Withdrawn status | Lost status | Damaged status | Not for loan | Collection code | Permanent Location | Current Location | Shelving location | Date acquired | Source of acquisition | Cost, normal purchase price | Total Checkouts | Full call number | Barcode | Date last seen | Date last checked out | Price effective from | Koha item type | Source of classification or shelving scheme |
|---|---|---|---|---|---|---|---|---|---|---|---|---|---|---|---|---|---|---|
| Central Library (CL) | Central Library (CL) | General Stacks | 05/20/2005 | Al-Masood Publication | 40.00 | 1 | 210 IMZ | SEECS005718 | 11/24/2022 | 11/18/2022 | 01/05/2017 | Book | ||||||
| Central Library (CL) | Central Library (CL) | General Stacks | 05/20/2005 | Al-Masood Publication | 40.00 | 210 IMZ | SEECS005724 | 11/14/2012 | 01/05/2017 | Book | ||||||||
| Central Library (CL) | Central Library (CL) | General Stacks | 05/20/2005 | Al-Masood Publication | 40.00 | 210 IMZ | SEECS005720 | 11/14/2012 | 01/05/2017 | Book | ||||||||
| Central Library (CL) | Central Library (CL) | General Stacks | 05/20/2005 | Al-Masood Publication | 40.00 | 210 IMZ | SEECS005717 | 11/14/2012 | 01/05/2017 | Book | ||||||||
| Central Library (CL) | Central Library (CL) | General Stacks | 05/20/2005 | Al-Masood Publication | 40.00 | 210 IMZ | SEECS005719 | 11/14/2012 | 01/05/2017 | Book | ||||||||
| Central Library (CL) | Central Library (CL) | General Stacks | 05/20/2005 | Al-Masood Publication | 40.00 | 210 IMZ | SEECS005722 | 11/14/2012 | 01/05/2017 | Book | ||||||||
| Central Library (CL) | Central Library (CL) | General Stacks | 05/20/2005 | Al-Masood Publication | 40.00 | 210 IMZ | SEECS005723 | 11/14/2012 | 01/05/2017 | Book | ||||||||
| Central Library (CL) | Central Library (CL) | General Stacks | 05/20/2005 | Al-Masood Publication | 40.00 | 210 IMZ | SEECS005716 | 11/14/2012 | 01/05/2017 | Book | ||||||||
| Central Library (CL) | Central Library (CL) | 09/29/2019 | 210 | SEECS009828 | 09/29/2019 | 09/29/2019 | Book |
